| 000 | 00627nam a2200193 a 4500 | ||
|---|---|---|---|
| 001 | 000032736 | ||
| 005 | 20200930065813.0 | ||
| 008 | 090824s1917 dr 000 0 spa d | ||
| 040 |
_aDO-SdBNP _bspa _cBNPHU |
||
| 082 |
_axxx _bR426l |
||
| 110 | 1 |
_aRepública Dominicana. _bCongreso Nacional _916501 |
|
| 240 | 1 | 3 | _a[ Leyes etc.] |
| 245 | 1 | 0 | _aLey y reglamento sobre minas. |
| 250 | _aed. oficial | ||
| 260 |
_aSanto Domingo : _bSecretaría de Estado de Fomento y Comunicaciones _bTip. "El Progreso" de Emiliano E., _c1917. |
||
| 300 |
_a30 p. ; _c24 cm. |
||
| 500 | _aPublicada en la Gaceta Oficial No. 2112 | ||
| 049 | _aBNPD | ||
| 999 |
_c32227 _d32227 |
||